Quick Pick: Blue in the Flag Quiz Stats

 Plays Quiz Updated Jul 16, 2018

Score 0/16 Timer 01:30
0 Plays Today
% Correct
Russia
83.8%
Luxembourg
82.1%
Cuba
80.8%
Antigua and Barbuda
80.4%
Ukraine
80.4%
Estonia
80%
Marshall Islands
75.7%
North Korea
74.5%
% Correct
Guatemala
74.2%
Romania
73.7%
Azerbaijan
66.3%
Armenia
65.2%
Cambodia
62.4%
Sierra Leone
58.7%
The Gambia
55.3%
Rwanda
51.2%

Today's Daily Dose

You're not logged in!

Compare scores with friends on all Sporcle quizzes.
OR
Log In

Sporcle TV

Today on Sporcle TV


Watch our educational content, quiz creation guides, and fun videos on Sporcle TV.

Show Comments

Extras

Top Quizzes Today


Score Distribution

Your Account Isn't Verified!

In order to create a playlist on Sporcle, you need to verify the email address you used during registration. Go to your Sporcle Settings to finish the process.

Report this User

Report this user for behavior that violates our Community Guidelines.

Details: